| 000 | 02367nam a2200301Ia 4500 | ||
|---|---|---|---|
| 999 |
_c47235 _d47235 |
||
| 001 | 14095 | ||
| 003 | GE_BSU | ||
| 005 | 20241108111449.0 | ||
| 008 | 181216s2014||||ge |||||||||||||| ||geo|| | ||
| 040 | _cGE_BSU | ||
| 041 | _ageo | ||
| 245 |
_aწმინდა აღაპიტე აღმსარებელი ; წმინდა ღირსმოწამე ანასტასი სპარსი ; ძველი დროისა და თანამედროვე მამანი და დედანი / _cშემდგენელი კახაბერ კენკიშვილი ; გარეკანის დიზაინი ეთერ გზირიშვილი. |
||
| 260 | _a. | ||
| 264 |
_aთბილისი : _bპალიტრა L, _c2014-15. |
||
| 300 |
_a222 გვ. ; _c20 სმ. |
||
| 490 |
_aსაქართველოს იმედი II : ყველა წმინდანი, რომელთა შესახებაც უნდა იცოდე, 2298-0547 / პროექტის რედაქტორი თამარ მამაცაშვილი _vწ. 11 |
||
| 500 | _aიბეჭდება სრულიად საქართველოს კათოლიკოს-პატრიარქის, უწმინდესისა და უნეტარესის ილია II-ის ლოცვა-კურთხევით | ||
| 541 | _h2ლ. | ||
| 653 | _aრელიგია | ||
| 653 | _aწმინდა აღაპიტე აღმსარებელი | ||
| 653 | _aწმინდა ღირსმოწამე ანასტასი სპარსი | ||
| 653 | _aძველი დროისა და თანამედროვე მამანი და დედანი | ||
| 700 |
_aკენკიშვილი, კახაბერ _eშემდგენელი _923650 |
||
| 700 |
_aგზირიშვილი, ეთერ _eგარეკანის დიზაინი _923651 |
||
| 700 |
_aმამაცაშვილი, თამარ _eპროექტის რედაქტორი _923652 |
||
| 700 |
_aგზირიშვილი, ეთერ _eგარეკანის დიზაინერი _923651 |
||
| 942 |
_cBK _2udc |
||